Artillería atómica / (Record no. 111122)

MARC details
000 -LEADER
campo de control de longitud fija 00530nam a2200157 4500
001 - NÚMERO DE CONTROL
campo de control 111122
003 - IDENTIFICADOR DE NÚMERO DE CONTROL
campo de control ES-MaACL
007 - CAMPO FIJO DE DESCRIPCIÓN FÍSICA--INFORMACIÓN GENERAL
campo de control de longitud fija t|
008 - DATOS DE LONGITUD FIJA--INFORMACIÓN GENERAL
campo de control de longitud fija 061121s1948 sp r ||||1| spa d
100 1# - ENTRADA PRINCIPAL--NOMBRE DE PERSONA
Nombre de persona Nahmias, Maurice E.
9 (RLIN) 84862
245 10 - MENCIÓN DEL TÍTULO
Título Artillería atómica /
Mención de responsabilidad, etc. por Maurice E. Nahmias ; traducido de la 2ª ed. francesa por Emilio Sevilla Richart.
260 ## - PUBLICACIÓN, DISTRIBUCIÓN, ETC.
Lugar de publicación, distribución, etc. Valencia :
Nombre del editor, distribuidor, etc. Guerri, S.A.,
Fecha de publicación, distribución, etc. 1948.
300 ## - DESCRIPCIÓN FÍSICA
Extensión 216 p. láms. I-XX :
Otras características físicas il ;
Dimensiones 22 cm.
700 1# - ENTRADA AGREGADA--NOMBRE PERSONAL
Nombre de persona Sevilla Richart, Emilio.
9 (RLIN) 105942
852 ## - LOCALIZACIÓN
Ubicación ES-MaACL
Número de control de estantería E-207
Sublocalización o colección R.26448
Holdings
Estatus retirado Estado de pérdida Estado de daño No para préstamo Biblioteca de origen Biblioteca actual Ubicación en estantería Fecha de adquisición Fuente de adquisición Total de préstamos Signatura topográfica completa Código de barras Visto por última vez Precio de reemplazo Tipo de ítem Koha
        Biblioteca del Ateneo de Madrid Biblioteca del Ateneo de Madrid Depósito 2 17/01/2008     E-207 1115935 23/02/2023 23/02/2023 Libro impreso